Sharjah Art Foundation Library

From the spider bone diaries : poems and songs/ (Record no. 6522)

MARC details
000 -LEADER
fixed length control field 00591nam a2200181Ia 4500
001 - CONTROL NUMBER
control field 6522
008 - FIXED-LENGTH DATA ELEMENTS--GENERAL INFORMATION
fixed length control field 260427s9999 xx 000 0 und d
020 ## - INTERNATIONAL STANDARD BOOK NUMBER
International Standard Book Number 9780824825416
245 #0 - TITLE STATEMENT
Title From the spider bone diaries : poems and songs/
Statement of responsibility, etc. Author: Richard Hamasaki
260 ## - PUBLICATION, DISTRIBUTION, ETC.
Place of publication, distribution, etc. Honolulu;
Name of publisher, distributor, etc. University of Hawai'I Press;
Date of publication, distribution, etc. 2001
300 ## - PHYSICAL DESCRIPTION
Extent 120p;
Dimensions 22x14cm
520 ## - SUMMARY, ETC.
Summary, etc. A collection of poems and songs drawn from personal experiences.
546 ## - LANGUAGE NOTE
Language note English
650 ## - SUBJECT ADDED ENTRY--TOPICAL TERM
Topical term or geographic name entry element Indigenous societies
9 (RLIN) 9260
650 ## - SUBJECT ADDED ENTRY--TOPICAL TERM
Topical term or geographic name entry element PN1010-1525 Literature- Poetry
9 (RLIN) 2770
651 ## - SUBJECT ADDED ENTRY--GEOGRAPHIC NAME
Geographic name Hawaii
9 (RLIN) 2928
942 ## - ADDED ENTRY ELEMENTS (KOHA)
Koha item type Book
Holdings
Withdrawn status Lost status Damaged status Not for loan Collection Home library Current library Shelving location Date acquired Source of acquisition Total Checkouts Full call number Barcode Date last seen Price effective from Koha item type
        Language and Literature SAF Reference Library SAF Reference Library   04/27/2026 SB15 reading room- Meleanna Meyer   PN1010-1525 80.37 6522 04/27/2026 04/27/2026 Book

Copyright © 2022. Sharjah Art Foundation. All Rights Reserved.